|
|
|
|
| LEADER |
01027nam a2200265 a 4500 |
| 001 |
13083448 |
| 008 |
091207r20062005njua b 001 0 eng d |
| 010 |
|
|
|a 2003267020
|
| 020 |
|
|
|a 8126510226
|
| 020 |
|
|
|a 0471375942 (alk. paper)
|
| 040 |
|
|
|a DLC
|c DLC
|d DLC
|d BD-DhAAL
|
| 082 |
0 |
4 |
|a 657/.3
|2 22
|
| 100 |
1 |
|
|a White, Gerald I.
|
| 245 |
1 |
4 |
|a The analysis and use of financial statements /
|c Gerald I. White, Ashwinpaul C. Sondhi, Dov Fried.
|
| 250 |
|
|
|a 3rd ed.
|
| 260 |
|
|
|a Hoboken, N.J.;
|a India :
|b Wiley,
|c c2005.[reprinted 2006]
|
| 300 |
|
|
|a xii, 767 p. :
|b ill. ;
|c 29 cm.
|
| 504 |
|
|
|a Includes bibliographical references (p. 743-753) and index.
|
| 541 |
1 |
|
|e 00015847
|
| 650 |
|
0 |
|a Financial statements.
|
| 700 |
1 |
|
|a Sondhi, Ashwinpaul C.
|
| 700 |
1 |
|
|a Fried, Dov.
|
| 852 |
4 |
|
|a Ayesha Abed Library
|j General Shelf.
|
| 999 |
|
|
|c 6095
|d 6095
|
| 952 |
|
|
|0 0
|1 0
|2 ddc
|4 0
|6 657_300000000000000_WHI
|7 0
|9 6082
|a BRACUL
|b BRACUL
|c GEN
|d 2009-12-15
|g 1425.00
|l 5
|m 23
|o 657.3 WHI
|p 3010015847
|q 2026-05-18
|r 2026-03-08
|s 2026-03-08
|t 1
|w 2009-12-15
|y BK
|